Counties of the Rhineland in 1900 - with a map - Statistics

General Stats
  • This quiz has been taken 100 times
  • The average score is 28 of 75
Answers on the Map
Answers color-coded by a green-red scale on the quiz's map according to % correct below.
 
Answer Stats
Kreis % Correct
Aachen
91%
Aachen
91%
Düsseldorf
90%
Düsseldorf
90%
Bonn
87%
Bonn
87%
Köln
87%
Köln
87%
Duisburg
80%
Trier
78%
Trier
78%
Essen
76%
Essen
76%
Gladbach
72%
München-Gladbach
72%
Koblenz
68%
Koblenz
68%
Kleve
58%
Krefeld
58%
Krefeld
58%
Siegkreis
54%
Düren
53%
Saarbrücken
53%
Neuß
52%
Solingen
49%
Solingen
49%
Remscheid
46%
Euskirchen
43%
Mülheim
43%
Mülheim am Rhein
43%
Bitburg
39%
Jülich
38%
Mörs
37%
Heinsberg
35%
Saarlouis
33%
Ahrweiler
30%
Neuwied
30%
Mettmann
29%
Barmen
28%
Cochem
28%
Elberfeld
28%
Merzig
25%
Kreuznach
24%
Mayen
24%
Saarburg
20%
Altenkirchen
19%
Eupen
19%
St. Wendel
19%
Grevenbroich
18%
Malmedy
18%
Prüm
18%
Wittlich
18%
Bernkastel
16%
Montjoie
16%
Gummersbach
14%
Bergheim
13%
Daun
13%
Kempen
13%
Erkelenz
11%
Geldern
11%
Simmern
11%
Geilenkirchen
10%
Wetzlar
10%
Zell
10%
Adenau
9%
Rees
8%
Rheinbach
8%
Ottweiler
6%
Schleiden
5%
Wipperfürth
5%
Lennep
4%
Ruhrort
4%
St. Goar
4%
Waldbröl
4%
Meisenheim
3%
No matching quizzes found
Score Distribution
Percent of People with Each Score
Percentile by Number Answered
Your Score History
You have not taken this quiz